000
00259pab a2200109 454500
008
180718b xxu||||| |||| 00| 0 eng d
100
_a
Chakraborty, Nitya
245
_a
Emerging relationship with NRIS
650
_a
Indians Abroad
773
_a
Yojana
909
_a
2674
999
_c
2674
_d
2674